[Event "Commonwealth Open 2019"]
[Site "Delhi"]
[Date "2019.06.30"]
[Round "2.12"]
[White "Deepak, Katiyar"]
[Black "Kunte, Abhijit"]
[Result "0-1"]
[WhiteElo "2140"]
[BlackElo "2478"]
[Annotator "ChessBase"]
[PlyCount "90"]
[EventDate "2019.06.30"]
[EventType "swiss"]
[EventCountry "IND"]
[SourceTitle "playchess.com"]
[Source "ChessBase"]
[SourceQuality "1"]
[TimeControl "5400+30"]

1. e4 {[%emt 0:00:00]} e5 {[%emt 0:01:32]} 2. Nf3 {[%emt 0:00:00]} Nc6 {[%emt 0:00:06]} 3. Bb5 {[%emt 0:00:00]} a6 {[%emt 0:00:21]} 4. Ba4 {[%emt 0:00:10]} Nf6 {[%emt 0:00:08]} 5. O-O {[%emt 0:00:18]} Be7 {[%emt 0:00:08]} 6. Re1 {[%emt 0:00:25]} d6 {[%emt 0:00:30]} 7. c3 {[%emt 0:01:02]} O-O {[%emt 0:00:12]} 8. h3 {[%emt 0:00:51]} Bd7 {[%emt 0:00:10]} 9. d4 {[%emt 0:00:56]} Re8 {[%emt 0:00:09]} 10. Nbd2 {[%emt 0:00:35]} Bf8 {[%emt 0:00:47]} 11. Bc2 {[%emt 0:01:15]} h6 {[%emt 0:04:16]} 12. Nf1 {[%emt 0:01:39]} a5 {[%emt 0:00:20]} 13. Ng3 {[%emt 0:01:52]} a4 {[%emt 0:00:24]} 14. Be3 {[%emt 0:03:41]} a3 {[%emt 0:06:07]} 15. b3 {[%emt 0:02:06]} exd4 {[%emt 0:00:27]} 16. Nxd4 {[%emt 0:05:12]} g6 {[%emt 0:01:36]} 17. Qd2 {[%emt 0:01:26]} Kh7 {[%emt 0:00:06]} 18. Rad1 {[%emt 0:01:36]} Bg7 {[%emt 0:00:20]} 19. f4 {[%emt 0:01:59]} Re7 {[%emt 0:03:46]} 20. Bf2 {[%emt 0:06:40]} Qe8 {[%emt 0:05:26]} 21. Re2 {[%emt 0:08:09]} Qh8 {[%emt 0:08:12]} 22. Rde1 {[%emt 0:00:30]} Rae8 {[%emt 0:00:30]} 23. Qc1 {[%emt 0:00:30]} h5 {[%emt 0:00:30]} 24. Nf3 {[%emt 0:00:30]} Kg8 {[%emt 0:00:30]} 25. Qxa3 {[%emt 0:00:30]} h4 {[%emt 0:17:47]} 26. Nf1 {[%emt 0:27:41]} Nh5 {[%emt 0:00:45]} 27. Bxh4 {[%emt 0:04:19]} Nxf4 {[%emt 0:01:11]} 28. Bxe7 {[%emt 0:01:33]} Nxe2+ {[%emt 0:00:07]} 29. Rxe2 {[%emt 0:00:04]} Nxe7 {[%emt 0:00:06]} 30. c4 {[%emt 0:04:42]} Nc6 {[%emt 0:03:19]} 31. Qc1 {[%emt 0:02:32]} Qh5 {[%emt 0:02:27]} 32. Ng3 {[%emt 0:02:54]} Qa5 {[%emt 0:00:11]} 33. Bb1 {[%emt 0:00:56]} Nd4 {[%emt 0:00:53]} 34. Nxd4 {[%emt 0:01:25]} Bxd4+ {[%emt 0:00:08]} 35. Kh1 {[%emt 0:00:13]} Kg7 {[%emt 0:01:02]} 36. Qd2 {[%emt 0:00:47]} Qe5 {[%emt 0:04:04]} 37. Nf1 {[%emt 0:01:32]} Bg4 {[%emt 0:02:32]} 38. Nh2 {[%emt 0:07:36]} Bxe2 {[%emt 0:00:31]} 39. Qxe2 {[%emt 0:00:03]} Qf4 {[%emt 0:02:23]} 40. Qd1 {[%emt 0:03:58]} Bc5 {[%emt 0:00:11]} 41. Nf3 {[%emt 0:00:18]} g5 {[%emt 0:01:14]} 42. Qd2 {[%emt 0:01:34]} Qxd2 {[%emt 0:00:49]} 43. Nxd2 {[%emt 0:00:02]} f5 {[%emt 0:00:07]} 44. e5 {[%emt 0:05:03]} f4 {[%emt 0:02:47]} 45. Ne4 {[%emt 0:00:47]} Rxe5 {[%emt 0:00:08]} 0-1

[Event "Commonwealth Open 2019"]
[Site "Delhi"]
[Date "2019.06.30"]
[Round "2.13"]
[White "Thejkumar, M. S."]
[Black "Kiran, Manisha Mohanty"]
[Result "1-0"]
[WhiteElo "2458"]
[BlackElo "2090"]
[Annotator "ChessBase"]
[PlyCount "77"]
[EventDate "2019.06.30"]
[EventType "swiss"]
[EventCountry "IND"]
[SourceTitle "playchess.com"]
[Source "ChessBase"]
[SourceQuality "1"]
[TimeControl "5400+30"]

1. d4 {[%emt 0:00:00]} Nf6 {[%emt 0:02:11]} 2. c4 {[%emt 0:00:12]} g6 {[%emt 0:00:08]} 3. Nc3 {[%emt 0:00:35]} d5 {[%emt 0:00:07]} 4. e3 {[%emt 0:01:35]} Bg7 {[%emt 0:00:07]} 5. Qb3 {[%emt 0:00:07]} c6 {[%emt 0:00:20]} 6. Nf3 {[%emt 0:00:51]} O-O {[%emt 0:00:27]} 7. Be2 {[%emt 0:07:59]} e6 {[%emt 0:00:52]} 8. O-O {[%emt 0:00:42]} Re8 {[%emt 0:04:28]} 9. Rd1 {[%emt 0:02:04]} Nbd7 {[%emt 0:04:02]} 10. Qc2 {[%emt 0:04:55]} b6 {[%emt 0:10:22]} 11. b4 {[%emt 0:08:22]} Bb7 {[%emt 0:01:59]} 12. Bb2 {[%emt 0:05:58]} Qc8 {[%emt 0:00:51]} 13. c5 {[%emt 0:11:38]} bxc5 {[%emt 0:06:36]} 14. dxc5 {[%emt 0:05:51]} e5 {[%emt 0:08:32]} 15. e4 {[%emt 0:02:03]} d4 {[%emt 0:00:37]} 16. Na4 {[%emt 0:01:53]} Ba6 {[%emt 0:00:37]} 17. Ba3 {[%emt 0:13:31]} Nf8 {[%emt 0:03:42]} 18. Nb2 {[%emt 0:02:52]} Bxe2 {[%emt 0:01:55]} 19. Qxe2 {[%emt 0:00:05]} Ne6 {[%emt 0:16:37]} 20. Nd3 {[%emt 0:00:38]} Nf4 {[%emt 0:07:55]} 21. Nxf4 {[%emt 0:01:36]} exf4 {[%emt 0:02:13]} 22. e5 {[%emt 0:00:32]} Ng4 {[%emt 0:00:18]} 23. Bb2 {[%emt 0:00:50]} Bxe5 {[%emt 0:05:54]} 24. Qc4 {[%emt 0:08:12]} Bg7 {[%emt 0:10:31]} 25. Bxd4 {[%emt 0:00:42]} Qf5 {[%emt 0:02:26]} 26. Bxg7 {[%emt 0:02:52]} Kxg7 {[%emt 0:00:13]} 27. Rd6 {[%emt 0:02:00]} Re4 {[%emt 0:02:47]} 28. Qc3+ {[%emt 0:00:09]} Kg8 {[%emt 0:00:20]} 29. h3 {[%emt 0:06:40]} Ne5 {[%emt 0:00:07]} 30. Nxe5 {[%emt 0:00:20]} Rxe5 {[%emt 0:00:06]} 31. Rad1 {[%emt 0:01:16]} Rae8 {[%emt 0:02:52]} 32. Rxc6 {[%emt 0:00:52]} h5 {[%emt 0:00:07]} 33. Rcd6 {[%emt 0:01:03]} g5 {[%emt 0:00:44]} 34. c6 {[%emt 0:00:45]} g4 {[%emt 0:00:59]} 35. c7 {[%emt 0:00:39]} g3 {[%emt 0:00:34]} 36. fxg3 {[%emt 0:02:48]} Re3 {[%emt 0:00:56]} 37. Qc5 {[%emt 0:01:53]} R3e5 {[%emt 0:02:38]} 38. Qf2 {[%emt 0:00:48]} f3 {[%emt 0:00:44]} 39. Rd8 {[%emt 0:00:27]} 1-0

[Event "Commonwealth Open 2019"]
[Site "Delhi"]
[Date "2019.06.30"]
[Round "2.14"]
[White "Mahindrakar Indrajeet"]
[Black "Karthikeyan, P.."]
[Result "0-1"]
[WhiteElo "2100"]
[BlackElo "2445"]
[Annotator "NA"]
[PlyCount "58"]
[EventDate "2019.06.30"]
[EventType "swiss"]
[EventCountry "IND"]
[SourceTitle "playchess.com"]
[Source "ChessBase"]
[SourceQuality "1"]
[TimeControl "5400+30"]

1. e4 {[%emt 0:04:48]} c5 {[%emt 0:00:00]} 2. d4 {[%emt 0:04:16]} cxd4 {[%emt 0:00:44]} 3. c3 {[%emt 0:00:35]} dxc3 {[%emt 0:00:08]} 4. Nxc3 {[%emt 0:00:05]} Nc6 {[%emt 0:00:06]} 5. Nf3 {[%emt 0:00:24]} e6 {[%emt 0:00:18]} 6. Bc4 {[%emt 0:00:49]} a6 {[%emt 0:00:14]} 7. O-O {[%emt 0:00:55]} b5 {[%emt 0:00:35]} 8. Bb3 {[%emt 0:00:17]} Bb7 {[%emt 0:00:15]} 9. Re1 {[%emt 0:03:46]} Bc5 10. Bg5 {[%emt 0:07:21]} Nge7 {[%emt 0:04:57]} 11. Nd5 {[%emt 0:22:59]} d6 {[%emt 0:01:32]} 12. Rc1 {[%emt 0:13:19]} Rc8 {[%emt 0:00:23]} 13. Bh4 {[%emt 0:24:12]} Qd7 {[%emt 0:08:44]} 14. Nf4 {[%emt 0:06:11]} Ng6 {[%emt 0:08:04]} 15. Nh5 {[%emt 0:00:47]} Nxh4 {[%emt 0:07:45]} 16. Nxg7+ {[%emt 0:05:34]} Kf8 {[%emt 0:00:53]} 17. Nxh4 {[%emt 0:00:57]} Qe7 {[%emt 0:02:29]} 18. Rxc5 {[%emt 0:00:55]} dxc5 {[%emt 0:02:07]} 19. Nhf5 {[%emt 0:00:35]} exf5 {[%emt 0:02:02]} 20. Nxf5 {[%emt 0:00:08]} Qd8 {[%emt 0:19:08]} 21. Qc1 {[%emt 0:00:45]} Qf6 {[%emt 0:00:02]} 22. Qxc5+ {[%emt 0:00:29]} Ne7 {[%emt 0:00:03]} 23. Qa7 {[%emt 0:00:46]} Nxf5 {[%emt 0:01:43]} 24. Qxb7 {[%emt 0:00:21]} Ne7 {[%emt 0:00:18]} 25. e5 Qc6 {[%emt 0:01:17]} 26. Qa7 {[%emt 0:00:43]} Rg8 {[%emt 0:03:32]} 27. g3 {[%emt 0:00:01]} Rg4 {[%emt 0:06:38]} 28. Rd1 {[%emt 0:00:37]} Re4 {[%emt 0:00:35]} 29. Rf1 {[%emt 0:01:17]} Ra8 {[%emt 0:01:28]} 0-1

[Event "Commonwealth Open 2019"]
[Site "Delhi"]
[Date "2019.06.30"]
[Round "2.15"]
[White "Laxman, R.R."]
[Black "Panesar Vedant"]
[Result "1-0"]
[WhiteElo "2437"]
[BlackElo "2068"]
[Annotator "NA"]
[PlyCount "53"]
[EventDate "2019.06.30"]
[EventType "swiss"]
[EventCountry "IND"]
[SourceTitle "playchess.com"]
[Source "ChessBase"]
[SourceQuality "1"]
[TimeControl "5400+30"]

1. d4 {[%emt 0:00:00]} Nf6 {[%emt 0:00:00]} 2. Nf3 {[%emt 0:00:00]} d5 {[%emt 0:00:00]} 3. c4 {[%emt 0:00:00]} e6 {[%emt 0:00:00]} 4. e3 {[%emt 0:00:33]} b6 {[%emt 0:00:06]} 5. Nc3 {[%emt 0:00:15]} Bb7 {[%emt 0:00:02]} 6. cxd5 {[%emt 0:00:21]} exd5 {[%emt 0:00:28]} 7. Bb5+ {[%emt 0:00:06]} c6 {[%emt 0:01:03]} 8. Bd3 {[%emt 0:00:05]} Bb4 {[%emt 0:02:51]} 9. Ne5 {[%emt 0:00:28]} O-O {[%emt 0:00:46]} 10. O-O {[%emt 0:00:04]} Re8 {[%emt 0:01:03]} 11. f4 {[%emt 0:01:54]} c5 {[%emt 0:02:10]} 12. Ne2 {[%emt 0:09:58]} Nc6 {[%emt 0:03:57]} 13. Bb5 {[%emt 0:03:38]} Qd6 {[%emt 0:02:31]} 14. a3 {[%emt 0:01:55]} Ba5 {[%emt 0:00:12]} 15. Qa4 {[%emt 0:01:24]} Rec8 {[%emt 0:08:58]} 16. dxc5 {[%emt 0:00:14]} Qe6 {[%emt 0:00:55]} 17. Bxc6 {[%emt 0:00:42]} Bxc6 {[%emt 0:01:15]} 18. Nxc6 {[%emt 0:00:06]} Qxc6 {[%emt 0:01:16]} 19. Qxc6 {[%emt 0:00:02]} Rxc6 {[%emt 0:00:05]} 20. b4 {[%emt 0:00:02]} bxc5 {[%emt 0:00:17]} 21. bxa5 {[%emt 0:00:11]} Re8 {[%emt 0:00:22]} 22. Ng3 {[%emt 0:00:42]} d4 {[%emt 0:00:35]} 23. exd4 {[%emt 0:00:10]} cxd4 {[%emt 0:00:03]} 24. Bb2 {[%emt 0:00:12]} h5 {[%emt 0:00:32]} 25. Bxd4 {[%emt 0:00:07]} h4 {[%emt 0:00:03]} 26. Nf5 {[%emt 0:00:12]} Ng4 {[%emt 0:00:10]} 27. h3 {[%emt 0:00:07]} 1-0

[Event "Commonwealth Open 2019"]
[Site "Delhi"]
[Date "2019.06.30"]
[Round "2.16"]
[White "Kumar, Gaurav"]
[Black "Shyaamnikhil P"]
[Result "1/2-1/2"]
[WhiteElo "2082"]
[BlackElo "2434"]
[Annotator "NA"]
[PlyCount "86"]
[EventDate "2019.06.30"]
[EventType "swiss"]
[EventCountry "IND"]
[SourceTitle "playchess.com"]
[Source "ChessBase"]
[SourceQuality "1"]
[TimeControl "5400+30"]

1. e4 {[%emt 0:00:00]} c5 {[%emt 0:00:08]} 2. Nf3 {[%emt 0:00:00]} a6 {[%emt 0:00:07]} 3. Nc3 {[%emt 0:00:38]} b5 {[%emt 0:00:48]} 4. d4 {[%emt 0:01:29]} cxd4 {[%emt 0:00:23]} 5. Nxd4 {[%emt 0:00:02]} Bb7 {[%emt 0:00:33]} 6. Bd3 {[%emt 0:04:07]} Nc6 {[%emt 0:04:41]} 7. Be3 {[%emt 0:02:02]} e6 {[%emt 0:03:15]} 8. O-O {[%emt 0:00:40]} Nf6 {[%emt 0:02:44]} 9. a3 {[%emt 0:15:14]} h5 {[%emt 0:06:28]} 10. h3 {[%emt 0:00:33]} Qc7 {[%emt 0:01:02]} 11. Nxc6 {[%emt 0:07:37]} Bxc6 {[%emt 0:05:29]} 12. f4 {[%emt 0:11:57]} Qb7 {[%emt 0:03:03]} 13. e5 {[%emt 0:01:25]} Nd5 {[%emt 0:00:18]} 14. Nxd5 {[%emt 0:00:06]} Bxd5 {[%emt 0:00:04]} 15. Qe2 {[%emt 0:00:09]} g6 {[%emt 0:00:58]} 16. Rac1 {[%emt 0:06:10]} Be7 {[%emt 0:02:28]} 17. c4 {[%emt 0:02:49]} bxc4 {[%emt 0:00:06]} 18. Bxc4 {[%emt 0:00:02]} Bc6 {[%emt 0:00:09]} 19. Rc3 {[%emt 0:01:37]} O-O {[%emt 0:00:15]} 20. Rb3 {[%emt 0:00:03]} Qc8 {[%emt 0:00:12]} 21. Rc1 {[%emt 0:00:19]} a5 {[%emt 0:03:02]} 22. Bb5 {[%emt 0:02:43]} a4 {[%emt 0:02:23]} 23. Rbc3 {[%emt 0:03:34]} Bxb5 {[%emt 0:03:21]} 24. Qxb5 {[%emt 0:00:09]} Qe8 {[%emt 0:00:20]} 25. Rc7 {[%emt 0:08:10]} d5 {[%emt 0:02:51]} 26. Qb7 {[%emt 0:00:27]} Rb8 {[%emt 0:03:41]} 27. Qa7 {[%emt 0:00:02]} Bh4 {[%emt 0:01:50]} 28. Bc5 {[%emt 0:00:39]} Ra8 {[%emt 0:01:43]} 29. Qb7 {[%emt 0:15:17]} Rb8 {[%emt 0:00:26]} 30. Qa7 {[%emt 0:08:37]} Ra8 {[%emt 0:00:15]} 31. Qxa8 {[%emt 0:04:53]} Qxa8 {[%emt 0:00:32]} 32. Bxf8 {[%emt 0:00:02]} Qxf8 {[%emt 0:01:58]} 33. Rc8 {[%emt 0:00:01]} Bd8 {[%emt 0:00:10]} 34. Rb8 {[%emt 0:00:04]} Kg7 {[%emt 0:00:27]} 35. Rcc8 {[%emt 0:00:17]} g5 {[%emt 0:00:07]} 36. fxg5 {[%emt 0:01:28]} Kg6 {[%emt 0:00:58]} 37. Rxd8 {[%emt 0:00:38]} Qc5+ {[%emt 0:00:07]} 38. Kh2 {[%emt 0:00:09]} d4 {[%emt 0:01:22]} 39. Rg8+ {[%emt 0:00:33]} Kf5 {[%emt 0:00:08]} 40. Rbf8 {[%emt 0:01:14]} Qxe5+ {[%emt 0:00:21]} 41. Kh1 {[%emt 0:00:25]} Qe1+ {[%emt 0:02:48]} 42. Kh2 {[%emt 0:00:01]} Qe5+ {[%emt 0:00:08]} 43. Kh1 {[%emt 0:00:06]} Qe1+ {[%emt 0:00:32]} 1/2-1/2

[Event "Commonwealth Open 2019"]
[Site "Delhi"]
[Date "2019.06.30"]
[Round "2.17"]
[White "Sri Sai Baswanth P"]
[Black "Thipsay, Praveen M"]
[Result "0-1"]
[WhiteElo "2065"]
[BlackElo "2405"]
[Annotator "NA"]
[PlyCount "62"]
[EventDate "2019.06.30"]
[EventType "swiss"]
[EventCountry "IND"]
[SourceTitle "playchess.com"]
[Source "ChessBase"]
[SourceQuality "1"]
[TimeControl "5400+30"]

1. e4 {[%emt 0:01:44]} e5 {[%emt 0:00:00]} 2. Nf3 {[%emt 0:00:15]} Nc6 {[%emt 0:00:00]} 3. d4 {[%emt 0:00:17]} exd4 {[%emt 0:00:36]} 4. Nxd4 {[%emt 0:00:08]} Bc5 {[%emt 0:00:49]} 5. Nb3 {[%emt 0:00:15]} Bb6 {[%emt 0:00:08]} 6. Nc3 {[%emt 0:00:17]} Nge7 {[%emt 0:01:11]} 7. Bg5 {[%emt 0:00:50]} O-O {[%emt 0:01:43]} 8. Qd2 {[%emt 0:01:25]} d6 {[%emt 0:03:49]} 9. O-O-O {[%emt 0:03:14]} a5 {[%emt 0:26:54]} 10. a4 {[%emt 0:05:35]} f6 {[%emt 0:00:12]} 11. Be3 {[%emt 0:00:52]} Bxe3 {[%emt 0:00:38]} 12. Qxe3 {[%emt 0:00:10]} Be6 {[%emt 0:02:21]} 13. f3 {[%emt 0:01:38]} Qc8 {[%emt 0:01:51]} 14. g4 {[%emt 0:02:27]} Qe8 {[%emt 0:04:42]} 15. Nb5 {[%emt 0:02:46]} Rc8 {[%emt 0:01:05]} 16. h3 {[%emt 0:03:34]} Bf7 {[%emt 0:01:06]} 17. f4 {[%emt 0:03:51]} d5 {[%emt 0:03:29]} 18. Bg2 {[%emt 0:01:24]} dxe4 {[%emt 0:09:10]} 19. Qxe4 {[%emt 0:04:29]} Ng6 {[%emt 0:06:05]} 20. f5 {[%emt 0:13:46]} Nge5 21. Rhe1 {[%emt 0:05:13]} Qe7 {[%emt 0:07:49]} 22. Rd2 {[%emt 0:10:16]} Bxb3 {[%emt 0:21:08]} 23. cxb3 {[%emt 0:00:06]} Nb4 {[%emt 0:00:03]} 24. Red1 {[%emt 0:01:08]} Rcd8 {[%emt 0:01:55]} 25. Rxd8 {[%emt 0:01:33]} Rxd8 {[%emt 0:00:05]} 26. Rxd8+ {[%emt 0:00:31]} Qxd8 {[%emt 0:00:05]} 27. Qxb7 {[%emt 0:03:53]} c6 {[%emt 0:02:15]} 28. Nc7 {[%emt 0:01:34]} Ned3+ {[%emt 0:01:39]} 29. Kb1 {[%emt 0:02:46]} Nf4 {[%emt 0:00:05]} 30. Bd5+ {[%emt 0:02:18]} Nfxd5 {[%emt 0:00:18]} 31. Ne6 {[%emt 0:00:19]} Nc3+ {[%emt 0:00:05]} 0-1

[Event "Commonwealth Open 2019"]
[Site "Delhi"]
[Date "2019.06.30"]
[Round "2.18"]
[White "Patil Harshal"]
[Black "Nitin, S.."]
[Result "0-1"]
[WhiteElo "1809"]
[BlackElo "2398"]
[Annotator "NA"]
[PlyCount "62"]
[EventDate "2019.06.30"]
[EventType "swiss"]
[EventCountry "IND"]
[SourceTitle "playchess.com"]
[Source "ChessBase"]
[SourceQuality "1"]
[TimeControl "5400+30"]

1. Nf3 {[%emt 0:05:12]} Nf6 {[%emt 0:00:09]} 2. g3 {[%emt 0:00:30]} g6 {[%emt 0:00:11]} 3. Bg2 {[%emt 0:00:00]} Bg7 {[%emt 0:00:09]} 4. O-O {[%emt 0:00:17]} O-O {[%emt 0:00:09]} 5. d3 {[%emt 0:04:18]} d5 {[%emt 0:00:12]} 6. c4 {[%emt 0:02:04]} Nc6 {[%emt 0:06:11]} 7. a3 {[%emt 0:05:12]} e5 {[%emt 0:02:47]} 8. Bg5 {[%emt 0:02:32]} dxc4 {[%emt 0:02:11]} 9. dxc4 {[%emt 0:00:34]} Be6 {[%emt 0:02:27]} 10. Qa4 {[%emt 0:06:14]} Qe8 {[%emt 0:04:27]} 11. Nc3 {[%emt 0:03:00]} Nd7 {[%emt 0:01:16]} 12. Nd5 {[%emt 0:04:19]} Nb6 {[%emt 0:09:59]} 13. Qd1 {[%emt 0:10:43]} Qc8 {[%emt 0:00:30]} 14. Nd2 {[%emt 0:05:45]} f6 {[%emt 0:03:19]} 15. Be3 {[%emt 0:00:25]} f5 {[%emt 0:01:47]} 16. Qc2 {[%emt 0:05:51]} Rf7 {[%emt 0:04:02]} 17. Nb3 {[%emt 0:04:21]} f4 {[%emt 0:07:01]} 18. Bxb6 {[%emt 0:03:32]} axb6 {[%emt 0:01:36]} 19. Rfd1 {[%emt 0:01:01]} Qf8 {[%emt 0:03:17]} 20. c5 {[%emt 0:03:44]} b5 {[%emt 0:01:31]} 21. Nb4 {[%emt 0:05:34]} fxg3 {[%emt 0:01:36]} 22. fxg3 {[%emt 0:00:24]} Bh6 {[%emt 0:06:05]} 23. Kh1 {[%emt 0:04:53]} Rf2 {[%emt 0:02:53]} 24. Rf1 {[%emt 0:02:01]} Nxb4 {[%emt 0:01:07]} 25. axb4 {[%emt 0:00:52]} Rxa1 {[%emt 0:00:10]} 26. Rxa1 {[%emt 0:00:16]} Qf7 {[%emt 0:00:49]} 27. Rd1 {[%emt 0:04:30]} Bxb3 {[%emt 0:02:09]} 28. Qxb3 {[%emt 0:00:08]} Qxb3 {[%emt 0:00:07]} 29. Bd5+ {[%emt 0:00:05]} Qxd5+ {[%emt 0:00:06]} 30. Rxd5 {[%emt 0:00:05]} Rxe2 {[%emt 0:00:21]} 31. Rd7 {[%emt 0:00:23]} c6 {[%emt 0:00:17]} 0-1

[Event "Commonwealth Open 2019"]
[Site "Delhi"]
[Date "2019.06.30"]
[Round "2.19"]
[White "Rathnakaran, K.."]
[Black "du Plessis, Jan"]
[Result "1-0"]
[WhiteElo "2338"]
[BlackElo "1631"]
[Annotator "NA"]
[PlyCount "49"]
[EventDate "2019.06.30"]
[EventType "swiss"]
[EventCountry "IND"]
[SourceTitle "playchess.com"]
[Source "ChessBase"]
[SourceQuality "1"]
[TimeControl "5400+30"]

1. e4 {[%emt 0:00:00]} d5 {[%emt 0:00:00]} 2. exd5 {[%emt 0:00:00]} Qxd5 {[%emt 0:00:00]} 3. Nc3 {[%emt 0:00:00]} Qd6 {[%emt 0:00:00]} 4. Nf3 {[%emt 0:00:00]} Nf6 {[%emt 0:00:02]} 5. Be2 {[%emt 0:00:04]} c6 {[%emt 0:00:17]} 6. d4 {[%emt 0:00:11]} Bf5 {[%emt 0:01:39]} 7. Bg5 {[%emt 0:00:08]} Nbd7 {[%emt 0:00:45]} 8. Qd2 {[%emt 0:00:08]} Qc7 {[%emt 0:01:12]} 9. Bf4 {[%emt 0:00:11]} Qd8 {[%emt 0:00:16]} 10. d5 {[%emt 0:00:48]} Ne4 {[%emt 0:02:10]} 11. Nxe4 {[%emt 0:00:32]} Bxe4 {[%emt 0:00:11]} 12. dxc6 {[%emt 0:00:03]} Bxc6 {[%emt 0:00:07]} 13. O-O {[%emt 0:00:05]} e6 {[%emt 0:01:14]} 14. Rad1 {[%emt 0:00:14]} Be7 {[%emt 0:01:15]} 15. Nd4 {[%emt 0:00:38]} Be4 {[%emt 0:03:46]} 16. Qe3 {[%emt 0:00:29]} Bg6 {[%emt 0:01:23]} 17. Bb5 {[%emt 0:00:06]} a6 {[%emt 0:02:10]} 18. Nxe6 {[%emt 0:00:41]} fxe6 {[%emt 0:01:33]} 19. Bxd7+ {[%emt 0:00:06]} Qxd7 {[%emt 0:02:52]} 20. Rxd7 {[%emt 0:00:04]} Kxd7 {[%emt 0:00:18]} 21. Rd1+ {[%emt 0:00:06]} Ke8 {[%emt 0:00:30]} 22. Qxe6 {[%emt 0:00:06]} Rf8 {[%emt 0:01:25]} 23. Re1 {[%emt 0:00:12]} Rf7 {[%emt 0:00:31]} 24. Bg5 {[%emt 0:00:13]} Rd8 {[%emt 0:01:28]} 25. Bxe7 {[%emt 0:00:09]} 1-0

[Event "Commonwealth Open 2019"]
[Site "Delhi"]
[Date "2019.06.30"]
[Round "2.20"]
[White "Lim, Kian Hwa"]
[Black "Vaishali R"]
[Result "0-1"]
[WhiteElo "1644"]
[BlackElo "2338"]
[Annotator "NA"]
[PlyCount "68"]
[EventDate "2019.06.30"]
[EventType "swiss"]
[EventCountry "IND"]
[SourceTitle "playchess.com"]
[Source "ChessBase"]
[SourceQuality "1"]
[TimeControl "5400+30"]

1. e4 {[%emt 0:00:00]} e5 {[%emt 0:02:51]} 2. Nf3 {[%emt 0:00:00]} Nc6 {[%emt 0:00:15]} 3. Bb5 {[%emt 0:00:00]} g6 {[%emt 0:00:14]} 4. d3 {[%emt 0:00:56]} Bg7 {[%emt 0:00:07]} 5. c3 {[%emt 0:00:46]} Nge7 {[%emt 0:02:59]} 6. O-O {[%emt 0:01:30]} O-O {[%emt 0:00:14]} 7. Nbd2 {[%emt 0:01:22]} d6 {[%emt 0:02:48]} 8. Re1 {[%emt 0:00:37]} a6 {[%emt 0:00:36]} 9. Ba4 {[%emt 0:00:09]} h6 {[%emt 0:03:20]} 10. Nf1 {[%emt 0:00:53]} f5 {[%emt 0:08:50]} 11. exf5 gxf5 {[%emt 0:00:45]} 12. Ng3 {[%emt 0:05:06]} Qe8 {[%emt 0:07:34]} 13. Nh4 {[%emt 0:05:26]} f4 {[%emt 0:09:12]} 14. Nh5 {[%emt 0:06:38]} Ng6 {[%emt 0:01:18]} 15. Bb3+ {[%emt 0:10:21]} Kh8 {[%emt 0:02:42]} 16. Nxg7 {[%emt 0:02:13]} Kxg7 {[%emt 0:00:08]} 17. Nxg6 Qxg6 {[%emt 0:00:07]} 18. Bd5 {[%emt 0:03:43]} Bh3 {[%emt 0:12:11]} 19. Kh1 {[%emt 0:02:45]} Bf5 {[%emt 0:02:44]} 20. Be4 {[%emt 0:01:50]} Bxe4 {[%emt 0:03:34]} 21. dxe4 {[%emt 0:00:10]} Kh7 {[%emt 0:01:38]} 22. f3 {[%emt 0:01:14]} Rg8 {[%emt 0:00:44]} 23. Rg1 {[%emt 0:00:32]} Qh5 {[%emt 0:01:43]} 24. Bd2 {[%emt 0:04:00]} Rg5 {[%emt 0:02:29]} 25. h3 {[%emt 0:00:34]} Rag8 {[%emt 0:02:40]} 26. Qe2 {[%emt 0:01:12]} Nd8 {[%emt 0:04:09]} 27. Raf1 {[%emt 0:03:08]} Ne6 {[%emt 0:01:00]} 28. Be1 {[%emt 0:06:34]} R5g6 {[%emt 0:02:20]} 29. Qf2 {[%emt 0:02:21]} Rg3 {[%emt 0:00:41]} 30. Qe2 {[%emt 0:00:35]} Ng5 31. Bxg3 {[%emt 0:15:29]} fxg3 {[%emt 0:01:44]} 32. Qc4 {[%emt 0:00:47]} Nxh3 {[%emt 0:00:23]} 33. Qf7+ {[%emt 0:00:34]} Qxf7 {[%emt 0:00:07]} 34. gxh3 {[%emt 0:00:20]} Qc4 {[%emt 0:00:56]} 0-1

[Event "Commonwealth Open 2019"]
[Site "Delhi"]
[Date "2019.06.30"]
[Round "2.21"]
[White "Jigna, Joshi"]
[Black "Sangma, Rahul"]
[Result "0-1"]
[WhiteElo "1405"]
[BlackElo "2298"]
[Annotator "NA"]
[PlyCount "58"]
[EventDate "2019.06.30"]
[EventType "swiss"]
[EventCountry "IND"]
[SourceTitle "playchess.com"]
[Source "ChessBase"]
[SourceQuality "1"]
[TimeControl "5400+30"]

1. e4 {[%emt 0:00:00]} e5 {[%emt 0:00:00]} 2. Nf3 {[%emt 0:00:00]} Nc6 {[%emt 0:00:00]} 3. Bc4 {[%emt 0:00:00]} Bc5 {[%emt 0:00:00]} 4. c3 {[%emt 0:00:00]} Qf6 {[%emt 0:00:43]} 5. d3 {[%emt 0:01:26]} d6 {[%emt 0:00:17]} 6. Be3 {[%emt 0:01:31]} Nge7 {[%emt 0:01:20]} 7. b4 {[%emt 0:04:06]} Bb6 {[%emt 0:02:17]} 8. a4 {[%emt 0:00:45]} a5 {[%emt 0:03:14]} 9. Bxb6 {[%emt 0:01:00]} cxb6 {[%emt 0:00:03]} 10. b5 {[%emt 0:00:23]} Nd8 {[%emt 0:00:40]} 11. Nbd2 {[%emt 0:02:48]} Ne6 {[%emt 0:02:28]} 12. g3 {[%emt 0:03:23]} O-O {[%emt 0:01:02]} 13. h4 {[%emt 0:07:17]} Qh6 {[%emt 0:07:20]} 14. Qe2 {[%emt 0:04:10]} Kh8 {[%emt 0:01:14]} 15. Nf1 {[%emt 0:01:40]} f5 {[%emt 0:01:02]} 16. N1h2 {[%emt 0:08:36]} Bd7 {[%emt 0:04:44]} 17. Qd2 {[%emt 0:09:10]} Qg6 {[%emt 0:05:01]} 18. exf5 {[%emt 0:12:26]} Rxf5 {[%emt 0:03:51]} 19. Qe3 {[%emt 0:11:29]} d5 {[%emt 0:07:25]} 20. Bb3 {[%emt 0:00:25]} Nc5 {[%emt 0:00:08]} 21. Bc2 {[%emt 0:00:42]} d4 {[%emt 0:01:50]} 22. cxd4 {[%emt 0:01:01]} Nd5 {[%emt 0:03:50]} 23. Qd2 {[%emt 0:03:54]} exd4 {[%emt 0:00:33]} 24. O-O-O {[%emt 0:03:13]} Raf8 {[%emt 0:02:40]} 25. Nxd4 {[%emt 0:06:33]} Qf6 {[%emt 0:01:20]} 26. Nb3 {[%emt 0:05:22]} Rxf2 {[%emt 0:02:33]} 27. Qxf2 {[%emt 0:02:54]} Nxb3+ {[%emt 0:00:47]} 28. Bxb3 {[%emt 0:00:27]} Qa1+ {[%emt 0:00:08]} 29. Kd2 {[%emt 0:00:26]} Qb2+ {[%emt 0:00:14]} 0-1